header

One marriage under God (Record no. 136314)

MARC details
000 -LEADER
fixed length control field 01882nam a2200445 a 4500
082 04 - DEWEY DECIMAL CLASSIFICATION NUMBER
Classification number 306.810973
100 1# - MAIN ENTRY--AUTHOR NAME
Personal name Heath, Melanie.
245 10 - TITLE STATEMENT
Title One marriage under God
260 ## - PUBLICATION, DISTRIBUTION, ETC. (IMPRINT)
Place of publication New York :
Name of publisher New York University Press,
Year of publication c2012.
300 ## - PHYSICAL DESCRIPTION
Number of Pages xiii, 260 p.
490 1# - SERIES STATEMENT
Series statement Intersections
505 0# - FORMATTED CONTENTS NOTE
Formatted contents note Unite! marriage and American identity -- The stakes of gender and heterosexuality -- Widening the marriage gap -- Teaching marriage to single mothers and inmates -- Marriage recitals in high school -- Contesting Native American marriage.
650 #0 - SUBJECT ADDED ENTRY--TOPICAL TERM
Topical Term Marriage
Topical Term Marriage
Topical Term Heterosexuality
856 40 - ELECTRONIC LOCATION AND ACCESS
Uniform Resource Identifier http://site.ebrary.com/lib/rucke/Doc?id=10541098

No items available.

© 2026 Rongo University
Contact us: librarian | system librarian | Rongo university